The Tamil renaissance and dravidian nationalism / (Record no. 39963)
[ view plain ]
| 000 -LEADER | |
|---|---|
| fixed length control field | 00936nam a22002777a 4500 |
| 005 - DATE AND TIME OF LATEST TRANSACTION | |
| control field | 2010080701051.0 |
| 010 ## - LCCN (DPL NO) | |
| LC control number | ENG-98724 |
| 020 ## - INTERNATIONAL STANDARD BOOK NUMBER | |
| Terms of availability | 750.00 |
| 035 ## - SYSTEM CONTROL NUMBER | |
| System control number | EN-82256 |
| 037 ## - SOURCE OF ACQUISITION | |
| Source of stock number/acquisition | DBAD/PUB |
| 082 ## - DEWEY DECIMAL CLASSIFICATION NUMBER | |
| Classification number | 954.82035 |
| 100 ## - MAIN ENTRY--PERSONAL NAME | |
| Personal name | Aarooran, K. Nambi |
| 245 ## - TITLE STATEMENT | |
| Title | The Tamil renaissance and dravidian nationalism / |
| Statement of responsibility, etc | by K. Nambi Aarooran |
| 250 ## - EDITION STATEMENT | |
| Edition statement | 2nd ed. |
| 260 ## - PUBLICATION, DISTRIBUTION, ETC. (IMPRINT) | |
| Place of publication, distribution, etc | Chennai |
| Name of publisher, distributor, etc | Aarooran Pathippagam |
| Date of publication, distribution, etc | 2008 |
| 270 ## - ADDRESS | |
| Address | No. 5 Lake Area Nungambakkam |
| City | Chennai |
| Postal code | 600034 |
| 300 ## - PHYSICAL DESCRIPTION | |
| Extent | xii, 474 p. |
| Dimensions | 24cm (Hb) |
| 500 ## - GENERAL NOTE | |
| General note | Includes bibliographical references |
| 650 ## - SUBJECT ADDED ENTRY--TOPICAL TERM | |
| Topical term or geographic name as entry element | India Tamilnadu |
| Form subdivision | Tamilnadu |
| 650 ## - SUBJECT ADDED ENTRY--TOPICAL TERM | |
| Topical term or geographic name as entry element | Nationalism |
| 650 ## - SUBJECT ADDED ENTRY--TOPICAL TERM | |
| Topical term or geographic name as entry element | Poltical science |
| 700 ## - ADDED ENTRY--PERSONAL NAME | |
| 9 (RLIN) | 7380 |
| 700 ## - ADDED ENTRY--PERSONAL NAME | |
| 9 (RLIN) | 8227 |
| 942 ## - ADDED ENTRY ELEMENTS (KOHA) | |
| Source of classification or shelving scheme | Dewey Decimal Classification |
| Item type | English Books |
| Classification part | 954.82035 |
| Call number suffix | AAR |
| Withdrawn status | Lost status | Not for loan | Collection code | Home library | Current library | Date acquired | Cost, normal purchase price | Full call number | Barcode | Copy number | Cost, replacement price | Koha item type |
|---|---|---|---|---|---|---|---|---|---|---|---|---|
| Not For Loan | Non-fiction | D.B.Act.Division | D.B.Act.Division | 07/08/2010 | 750.00 | 954.82035 AAR | EN-82256 | 1 | 750.00 | English Books |
